LEADER 01027nam2-22003491i-450- 001 990005541530403321 005 20150122103536.0 035 $a000554153 035 $aFED01000554153 035 $a(Aleph)000554153FED01 035 $a000554153 100 $a19990604d1952----km-y0itay50------ba 101 0 $aita 102 $aIT 105 $ay---n---001yy 200 1 $a2.: L'eta contemporanea$fGino Luzzatto 205 $a2. ed. agg. fino al 1950 210 $aPadova$cCEDAM$d1952 215 $aXII, 566 p.$d26 cm 461 0$1001000554124$12001$aStoria economica dell'eta moderna e contemporanea$fGino Luzzatto 610 0 $aECONOMIA$aStoria$aSec. 16.-20. 676 $a330.903$v21$zita 700 1$aLuzzatto,$bGino$f<1878-1964>$044964 801 0$aIT$bUNINA$gRICA$2UNIMARC 901 $aBK 912 $a990005541530403321 952 $a330.9 LUZ 1 (2)$bST.MED.MOD. 329$fFLFBC 952 $aXV F 6 (2)$b38922$fFGBC 959 $aFLFBC 959 $aFGBC 996 $aEtą contemporanea$965672 997 $aUNINA LEADER 01994oam 2200529zu 450 001 9910376396403321 005 20210807002220.0 035 $a(CKB)3170000000003396 035 $a(SSID)ssj0001174472 035 $a(PQKBManifestationID)11620708 035 $a(PQKBTitleCode)TC0001174472 035 $a(PQKBWorkID)11107222 035 $a(PQKB)10489595 035 $a(WaSeSS)IndRDA00016109 035 $a(Association for Computing Machinery)10.1145/1288869 035 $a(EXLCZ)993170000000003396 100 $a20160829d2007 uy 101 0 $aeng 135 $aur||||||||||| 181 $ctxt 182 $cc 183 $acr 200 10$aMM&Sec '07 : proceedings of the Multimedia & Security Workshop 2007 : Dallas, Texas, USA, September 20-21, 2007 210 31$a[Place of publication not identified]$cACM$d2007 215 $a1 online resource (252 pages) 225 1 $aACM Conferences 300 $aBibliographic Level Mode of Issuance: Monograph 311 $a1-59593-857-5 410 0$aACM Conferences 517 1 $aMultimedia and Security '07 :$eproceedings of the Multimedia and Security Workshop 2007 : Dallas, Texas, United States of America, September 20-21, 2007 517 1 $aProceedings of the 9th Workshop on Multimedia & Security 517 1 $aMM&Sec '07 517 1 $aMultimedia and Security Workshop, Dallas, TX, USA - September 20 - 21, 2007 606 $aEngineering & Applied Sciences$2HILCC 606 $aComputer Science$2HILCC 615 7$aEngineering & Applied Sciences 615 7$aComputer Science 676 $a005.8 700 $aKundur$b Deepa$0971322 701 $aHempelmann$b Christian F$01235799 701 $aRaskin$b Victor$f1944-$0302413 712 02$aACM Special Interest Group on Multimedia 801 0$bPQKB 906 $aBOOK 912 $a9910376396403321 996 $aMM&Sec '07 : proceedings of the Multimedia & Security Workshop 2007 : Dallas, Texas, USA, September 20-21, 2007$92870084 997 $aUNINA